Tangnuam platinum jubilee 1947-2022 magazine/ (Record no. 10045)

MARC details
000 -LEADER
fixed length control field 00424nam a22001457a 4500
003 - CONTROL NUMBER IDENTIFIER
control field GBCCL
005 - DATE AND TIME OF LATEST TRANSACTION
control field 20241126110724.0
008 - FIXED-LENGTH DATA ELEMENTS--GENERAL INFORMATION
fixed length control field 240213b ||||| |||| 00| 0 eng d
040 ## - CATALOGING SOURCE
Transcribing agency gbc
082 ## - DEWEY DECIMAL CLASSIFICATION NUMBER
Classification number MAG TAN
Item number 2022
245 ## - TITLE STATEMENT
Title Tangnuam platinum jubilee 1947-2022 magazine/
Statement of responsibility, etc. DL Muon, chief editor
260 ## - PUBLICATION, DISTRIBUTION, ETC.
Place of publication, distribution, etc. Tangnuam :
Name of publisher, distributor, etc. Tangnuam platinum jubilee celebration committee,
Date of publication, distribution, etc. 2022
300 ## - PHYSICAL DESCRIPTION
Extent 166p. ;
942 ## - ADDED ENTRY ELEMENTS (KOHA)
Source of classification or shelving scheme Dewey Decimal Classification
Koha item type Archives
Holdings
Withdrawn status Lost status Source of classification or shelving scheme Damaged status Not for loan Home library Current Library Shelving location Date acquired Total checkouts Full call number Barcode Date last seen Copy number Price effective from Koha item type
    Dewey Decimal Classification     GRACE BIBLE COLLEGE GRACE BIBLE COLLEGE Archives 2024-02-13   MAG TAN 2022 250271 2025-05-01 c.2 2024-02-13 Archives
    Dewey Decimal Classification     GRACE BIBLE COLLEGE GRACE BIBLE COLLEGE Archives 2024-02-13   MAG TAN 2022 250270 2025-05-01 c.1 2024-02-13 Archives
© Grace Bible College Library 2025